| 000 | nam a22 a 4500 | ||
|---|---|---|---|
| 999 |
_c1133 _d1133 |
||
| 003 | AKMAL | ||
| 005 | 20170508143418.0 | ||
| 008 | 170508s1999 my 00 may d | ||
| 020 |
_a9832149274 (kkt.): _cRM9.00 |
||
| 040 | _aAKMAL | ||
| 082 | 0 | 4 |
_a297.57 ABU _221 |
| 090 | 0 | 0 |
_a297.57 _bABU |
| 100 | 0 |
_aAbu Abdullah Abdul Ghani _92330 |
|
| 245 | 1 | 0 |
_aNasihat untuk orang sakit / _cSyeikh Abu Abdullah Abdul Ghani |
| 260 |
_aSelangor : _bPenerbitan Darul Iman, _c1999 |
||
| 300 | 0 | 0 |
_a115ms. ; _c21cm |
| 500 | _aMengandungi ayat-ayat dari Quran | ||
| 650 | 0 |
_aReligious life _xIslam _9819 |
|
| 650 | 0 |
_aWorship (Islam) _91639 |
|
| 942 |
_2ddc _cBOOK |
||